Normal view
MARC view
- Appell, Allen L
Entry Personal Name
001 - CONTROL NUMBER
- control field: 2892
003 - CONTROL NUMBER IDENTIFIER
- control field: JO-AjAnu
005 - DATE AND TIME OF LATEST TRANSACTION
- control field: 20230606070758.0
008 - FIXED-LENGTH DATA ELEMENTS
- fixed length control field: 230606|| aca||aabn | a|a d
040 ## - CATALOGING SOURCE
- Original cataloging agency: JO-AjAnu
- Transcribing agency: JO-AjAnu
100 ## - HEADING--PERSONAL NAME
- Personal name: Appell, Allen L
670 ## - SOURCE DATA FOUND
- Source citation: Work cat.: (JO-AjAnu)1515: Appell, Allen L, author, A practical approach to human behavior in business